| Tag |
First Indicator |
Second Indicator |
Subfields |
| LEADER |
00000cam a2200000 4500 |
| 001 |
in00001982933 |
| 006 |
m | d | |
| 007 |
cr |n||||||||n |
| 008 |
791208s1745 enk|||| s 00||||eng d |
| 005 |
20260407222244.4 |
| 035 |
|
|
|a (CStRLIN)ESTCT74235
|
| 040 |
|
|
|a Uk-ES
|c Uk-ES
|d CStRLIN
|d Thomson Gale
|d UtOrBLW
|
| 100 |
1 |
|
|a Gill, John,
|d 1697-1771.
|
| 245 |
1 |
2 |
|a A sermon occasioned by the death of Mrs. Anne Brine :
|b late wife of the Reverend Mr John Brine. who departed this life August 6th, 1745. Preached August 11th. By John Gill.
|
| 264 |
|
3 |
|a London :
|b printed and sold by Aaron Ward,
|c 1745.
|
| 300 |
|
|
|a 39, 1 unnumbered page ;
|c 8⁰.
|
| 336 |
|
|
|a text
|b txt
|2 rdacontent
|
| 337 |
|
|
|a computer
|b c
|2 rdamedia
|
| 338 |
|
|
|a online resource
|b cr
|2 rdacarrier
|
| 500 |
|
|
|a Reproduction of original from the British Library.
|
| 510 |
4 |
|
|a English Short Title Catalog,
|c ESTCT74235.
|
| 533 |
|
|
|a Electronic reproduction.
|b Farmington Hills, Mich. :
|c Thomson Gale,
|d 2003.
|n Available via the World Wide Web.
|n Access limited by licensing agreements
|7 s2003 miunns
|
| 500 |
|
|
|a Electronic resource.
|
| 830 |
|
0 |
|a Eighteenth century collections online.
|
| 856 |
4 |
0 |
|u http://proxy.library.tamu.edu/login?url=https://galenet.galegroup.com/servlet/ECCO?c=1&stp=Author&ste=11&af=BN&ae=T074235&tiPG=1&dd=0&dc=flc&docNum=CW122281504&vrsn=1.0&srchtp=a&d4=0.33&n=10&SU=0LRF&locID=txshracd2898
|z Full text online
|t 0
|
| 999 |
|
|
|a MARS
|
| 999 |
f |
f |
|s 0c5a2d48-ef7c-3d7f-88ad-ced691827085
|i 689f7fbc-aaa3-3332-8160-6473d0957858
|t 0
|
| 952 |
f |
f |
|a Texas A&M University
|b College Station
|c Electronic Resources
|s www_evans
|d Available Online
|t 0
|h No information provided
|
| 998 |
f |
f |
|t 0
|l Available Online
|